Návrh a implementácia automatizovanej kontroly ložísk

Enregistré dans:
Détails bibliographiques
Auteur principal: Cedula, Lukáš (Auteur)
Autres auteurs: Vrábeľ, Róbert (Directeur de thèse)
Format: Manuscrit Livre
Langue:slovaque
Publié: 2017
Sujets:
Accès en ligne:http://is.stuba.sk/zp/portal_zp.pl?podrobnosti=126101
Tags: Ajouter un tag
Pas de tags, Soyez le premier à ajouter un tag!

MARC

LEADER 00000ntm a22000003a 4500
001 stuzp61509
003 SK-STU
005 20170916210233.5
007 ta
008 150427s2015----xo-----f-mn---000-0-slo-d
040 |a STU  |b slo 
041 0 |a slo 
100 1 |a Cedula, Lukáš  |u 066000  |k Z4  |4 aut  |U MTF Materiálovotechnologická fakulta  |T MTF Ústav aplikovanej informatiky, automatizácie a mechatroniky  |X 46821  |U M6000  |Y 86  |7 46821 
242 0 1 |a Design and implement automatized control of bearings  |y eng 
245 1 0 |a Návrh a implementácia automatizovanej kontroly ložísk 
260 |c 2017 
650 4 |a Siemens Simatic TIA portal  |2 slo 
650 4 |a HMI  |2 slo 
650 4 |a klietkové ložiská  |2 slo 
650 4 |a HMI  |2 eng 
650 4 |a Cage bearings  |2 eng 
650 4 |a Siemens Simatic TIA portal  |2 eng 
700 1 |a Vrábeľ, Róbert  |u 066000  |k Z1  |4 ths  |U MTF Materiálovotechnologická fakulta  |T MTF Ústav aplikovanej informatiky, automatizácie a mechatroniky  |X 2758  |U M6000  |Y 86  |7 A000002758 
856 4 |u http://is.stuba.sk/zp/portal_zp.pl?podrobnosti=126101 
996 |c M* DP-13446  |l MMSKP  |s P  |a 0  |w stuzp61509_0001